Hamlet de Shakespeare / (Record no. 50810)

MARC details
000 -LEADER
campo de control de longitud fija 00518nam a2200181 i 4500
001 - NÚMERO DE CONTROL
campo de control 50810
003 - IDENTIFICADOR DE NÚMERO DE CONTROL
campo de control ES-MaACL
005 - FECHA Y HORA DE LA ÚLTIMA TRANSACCIÓN
campo de control 20240507111708.0
007 - CAMPO FIJO DE DESCRIPCIÓN FÍSICA--INFORMACIÓN GENERAL
campo de control de longitud fija t|
008 - DATOS DE LONGITUD FIJA--INFORMACIÓN GENERAL
campo de control de longitud fija 030806s1929 fr ||||1| fre d
100 1# - ENTRADA PRINCIPAL--NOMBRE DE PERSONA
Nombre de persona Chambrun, Longworth.
9 (RLIN) 37871
245 10 - MENCIÓN DEL TÍTULO
Título Hamlet de Shakespeare /
Mención de responsabilidad, etc. Longworth Chambrun.
260 ## - PUBLICACIÓN, DISTRIBUCIÓN, ETC.
Lugar de publicación, distribución, etc. Paris :
Nombre del editor, distribuidor, etc. [s.n.],
Fecha de publicación, distribución, etc. 1929 (
Fabricante F. Paillart)
300 ## - DESCRIPCIÓN FÍSICA
Extensión 148 p. ;
Dimensiones 19 cm.
600 14 - PUNTO DE ACCESO ADICIONAL DE MATERIA--NOMBRE DE PERSONA
Nombre de persona Shakespeare, William,
Fechas asociadas al nombre 1564-1616.
Título de la obra Hamlet
9 (RLIN) 105997
852 ## - LOCALIZACIÓN
Ubicación ES-MaACL
Número de control de estantería A-3169
Holdings
Estatus retirado Estado de pérdida Estado de daño No para préstamo Biblioteca de origen Biblioteca actual Ubicación en estantería Fecha de adquisición Fuente de adquisición Total de préstamos Signatura topográfica completa Código de barras Visto por última vez Precio de reemplazo Tipo de ítem Koha
        Biblioteca del Ateneo de Madrid Biblioteca del Ateneo de Madrid Sala Pecera Planta 1 17/01/2008     A-3169 1053440 23/02/2023 23/02/2023 Libro impreso